Statystyki dla Stany USA według dwóch pierwszych liter w 30 sekund

Kliknij tutaj aby rozwiązać quiz!

Ogólne statystyki

  • Ten quiz został rozwiązany 644 razy
  • Średni wynik to 25 z 50

Odpowiedzi na mapie

Odpowiedzi skodowane kolorowo w zielono-czerwonej skali na mapie do tego quizu, zgodnie z poniższymi procentami.
 

Statystyki odpowiedzi

Stan% Poprawnych
Kalifornia
89%
Karolina Północna
89%
Karolina Południowa
89%
Kansas
88%
Alabama
76%
Alaska
76%
Teksas
76%
Tennessee
76%
Waszyngton
75%
Nowy Jork
69%
Nowy Meksyk
69%
Michigan
65%
Minnesota
65%
Mississippi
65%
Missouri
65%
Nebraska
64%
Nevada
64%
New Hampshire
64%
New Jersey
64%
Arizona
54%
Arkansas
54%
Floryda
52%
Dakota Północna
48%
Dakota Południowa
48%
Maine
47%
Maryland
47%
Massachusetts
47%
Wirginia
46%
Wirginia Zachodnia
46%
Montana
45%
Wisconsin
45%
Oregon
41%
Idaho
39%
Kolorado
39%
Hawaje
35%
Ohio
35%
Wyoming
32%
Illinois
31%
Utah
29%
Georgia
24%
Luizjana
24%
Kentucky
22%
Indiana
21%
Iowa
21%
Oklahoma
21%
Pennsylwania
19%
Connecticut
16%
Vermont
16%
Delaware
13%
Rhode Island
12%

Rozkład punktacji

Percentyl według liczby udzielonych odpowiedzi

Procent ludzi z każdym wynikiem

Twoja historia wyników

Nie rozwiązałeś tego quizu